000 00547nam a2200193 a 4500
001 000019335
005 20200929170004.0
008 100624s1995 ec 000 p spa d
020 _a9978826915
040 _aDO-SdBNP
_bspa
_cBNPHU
082 _annnn
_bB456v
100 1 _aBenavides, Paco,
_941563
245 1 0 _aViento sur /
_cPaco Benavides.
260 _aQuito :
_bCasa de la Cultura Ecuatoriana,
_c1995.
300 _a55 p. ; :
_b21 cm.
490 1 _aLos cuadernos de Rimabaud
830 4 _aLos cuadernos de Rimabaud
_941564
049 _aBNGR
999 _c18852
_d18852